[Event "U12-U20 French Championships"]
[Site "chess24.com"]
[Date "2019.04.14"]
[Round "1"]
[White "Rollot, Florence"]
[Black "Soreda, Elisa"]
[Result "1-0"]
[Board "15"]
[WhiteElo "1975"]
[WhiteCountry "FRA"]
[WhiteFideId "26016060"]
[WhiteEloChange "2"]
[BlackElo "1602"]
[BlackCountry "FRA"]
[BlackFideId "26066947"]
[BlackEloChange "-2"]

1. c4 {[%clk 1:30:56]} c6 {[%clk 1:30:27]} 2. Nf3 {[%clk 1:30:53]} Nf6 {[%clk
1:30:00]} 3. b3 {[%clk 1:29:44]} d5 {[%clk 1:29:05]} 4. Bb2 {[%clk 1:30:00]} Bf5
{[%clk 1:26:22]} 5. d3 {[%clk 1:29:10]} Nbd7 {[%clk 1:25:12]} 6. Nbd2 {[%clk
1:28:01]} e6 {[%clk 1:21:23]} 7. g3 {[%clk 1:27:37]} Bc5 {[%clk 1:18:17]} 8. Bg2
{[%clk 1:22:26]} O-O {[%clk 1:11:56]} 9. O-O {[%clk 1:09:29]} Re8 {[%clk
1:09:01]} 10. Re1 {[%clk 1:02:37]} Bg6 {[%clk 0:59:28]} 11. d4 {[%clk 0:51:55]}
Be7 {[%clk 0:57:04]} 12. Ne5 {[%clk 0:42:59]} Nxe5 {[%clk 0:48:54]} 13. dxe5
{[%clk 0:42:51]} Nd7 {[%clk 0:47:20]} 14. Rc1 {[%clk 0:36:51]} f6 {[%clk
0:27:17]} 15. exf6 {[%clk 0:25:02]} Bxf6 {[%clk 0:27:24]} 16. Bxf6 {[%clk
0:24:09]} Nxf6 {[%clk 0:25:24]} 17. e4 {[%clk 0:22:49]} dxe4 {[%clk 0:19:04]} 18.
Nxe4 {[%clk 0:22:34]} Nxe4 {[%clk 0:19:14]} 19. Bxe4 {[%clk 0:22:35]} Bxe4 {[%clk
0:19:32]} 20. Rxe4 {[%clk 0:22:59]} Qxd1+ {[%clk 0:18:49]} 21. Rxd1 {[%clk
0:23:27]} Re7 {[%clk 0:19:07]} 22. Rd6 {[%clk 0:22:22]} e5 {[%clk 0:17:15]} 23.
f4 {[%clk 0:20:32]} Rae8 {[%clk 0:17:30]} 24. fxe5 {[%clk 0:20:46]} Kf7 {[%clk
0:14:34]} 25. Rf4+ {[%clk 0:21:13]} Kg8 {[%clk 0:14:50]} 26. Re4 {[%clk 0:15:23]}
Kf7 {[%clk 0:15:14]} 27. Rf4+ {[%clk 0:11:11]} Kg8 {[%clk 0:15:31]} 28. Rf5
{[%clk 0:10:51]} g6 {[%clk 0:13:58]} 29. Rg5 {[%clk 0:10:24]} Kf7 {[%clk
0:14:20]} 30. Kf2 {[%clk 0:09:45]} Rxe5 {[%clk 0:13:49]} 31. Rd7+ {[%clk
0:09:52]} R5e7 {[%clk 0:12:50]} 32. Rxe7+ {[%clk 0:06:29]} Rxe7 {[%clk 0:12:49]}
33. Rg4 {[%clk 0:05:13]} Re5 {[%clk 0:10:43]} 34. Rh4 {[%clk 0:04:36]} Kg7 {[%clk
0:10:20]} 35. Rd4 {[%clk 0:03:22]} Re7 {[%clk 0:08:27]} 36. c5 {[%clk 0:02:57]}
Kf6 {[%clk 0:08:12]} 37. b4 {[%clk 0:02:05]} b6 {[%clk 0:05:54]} 38. Kf3 {[%clk
0:01:41]} Rc7 {[%clk 0:01:57]} 39. a4 {[%clk 0:01:40]} Ke6 {[%clk 0:02:19]} 40.
Rd6+ {[%clk 0:01:48]} Ke7 {[%clk 0:02:39]} 41. Ke4 {[%clk 0:01:47]} b5 {[%clk
0:02:23]} 42. axb5 {[%clk 0:01:36]} cxb5 {[%clk 0:02:32]} 43. Ra6 {[%clk
0:01:55]} Kd7 {[%clk 0:02:10]} 44. Kd5 {[%clk 0:02:19]} Kc8 {[%clk 0:02:01]} 45.
c6 {[%clk 0:02:21]} Rf7 {[%clk 0:02:19]} 46. g4 {[%clk 0:01:53]} h5 {[%clk
0:02:33]} 47. gxh5 {[%clk 0:01:35]} gxh5 {[%clk 0:02:46]} 48. Kc5 {[%clk
0:01:26]} Rf5+ {[%clk 0:01:52]} 49. Kd6 {[%clk 0:01:53]} Kb8 {[%clk 0:01:04]} 50.
Ra2 {[%clk 0:01:58]} Rf6+ {[%clk 0:01:16]} 51. Kd5 {[%clk 0:01:31]} Rf5+ {[%clk
0:01:10]} 52. Ke6 {[%clk 0:01:28]} Rf4 {[%clk 0:01:06]} 53. Kd5 {[%clk 0:00:59]}
Rxb4 {[%clk 0:01:03]} 54. Rg2 {[%clk 0:00:58]} Rg4 {[%clk 0:01:18]} 55. Rf2
{[%clk 0:01:07]} Rg5+ {[%clk 0:01:37]} 56. Kd6 {[%clk 0:01:14]} Rg6+ {[%clk
0:02:02]} 57. Kc5 {[%clk 0:01:09]} Rg5+ {[%clk 0:02:16]} 58. Kd6 {[%clk 0:00:59]}
Rg6+ {[%clk 0:02:19]} 59. Kd7 {[%clk 0:00:48]} Rg7+ {[%clk 0:02:29]} 60. Kd8
{[%clk 0:00:43]} Rc7 {[%clk 0:00:55]} 61. Rf5 {[%clk 0:01:03]} Rxc6 {[%clk
0:01:04]} 62. Rxb5+ {[%clk 0:01:22]} Rb6 {[%clk 0:01:14]} 63. Rxh5 {[%clk
0:01:42]} Rb1 {[%clk 0:01:24]} 64. h4 {[%clk 0:01:07]} Rd1+ {[%clk 0:01:45]} 65.
Ke7 {[%clk 0:01:29]} Re1+ {[%clk 0:02:04]} 66. Kd6 {[%clk 0:01:43]} Rd1+ {[%clk
0:02:15]} 67. Rd5 {[%clk 0:01:49]} Rh1 {[%clk 0:02:20]} 68. h5 {[%clk 0:02:15]}
Kc8 {[%clk 0:02:34]} 69. Ke6 {[%clk 0:01:18]} Rh2 {[%clk 0:02:27]} 70. Kf6 {[%clk
0:01:32]} Kc7 {[%clk 0:02:30]} 71. Kg6 {[%clk 0:01:33]} Kc6 {[%clk 0:02:43]} 72.
Rg5 {[%clk 0:01:50]} Kb6 {[%clk 0:02:54]} 73. h6 {[%clk 0:02:01]} a5 {[%clk
0:03:21]} 74. h7 {[%clk 0:02:12]} a4 {[%clk 0:03:36]} 75. Rh5 {[%clk 0:02:34]}
Rc2 {[%clk 0:03:12]} 76. h8Q {[%clk 0:02:50]} Rc6+ {[%clk 0:03:29]} 77. Kf5
{[%clk 0:03:07]} Rc5+ {[%clk 0:03:43]} 78. Ke4 {[%clk 0:03:29]} 1-0

[Event "U12-U20 French Championships"]
[Site "chess24.com"]
[Date "2019.04.14"]
[Round "1"]
[White "Venard, Gautier"]
[Black "Popov, Konstantin"]
[Result "0-1"]
[Board "20"]
[WhiteElo "1979"]
[WhiteCountry "FRA"]
[WhiteFideId "26053209"]
[WhiteEloChange "-2"]
[BlackTitle "FM"]
[BlackElo "2328"]
[BlackCountry "RUS"]
[BlackFideId "34137910"]
[BlackEloChange "2"]

1. c4 {[%clk 1:30:46]} e5 {[%clk 1:30:45]} 2. Nc3 {[%clk 1:31:07]} Nf6 {[%clk
1:31:07]} 3. g3 {[%clk 1:31:30]} d5 {[%clk 1:31:25]} 4. cxd5 {[%clk 1:31:55]}
Nxd5 {[%clk 1:31:43]} 5. Bg2 {[%clk 1:32:19]} Nb6 {[%clk 1:31:58]} 6. Nf3 {[%clk
1:32:41]} Nc6 {[%clk 1:32:13]} 7. O-O {[%clk 1:33:04]} Be7 {[%clk 1:32:14]} 8. a4
{[%clk 1:33:22]} a5 {[%clk 1:30:59]} 9. d4 {[%clk 1:32:51]} exd4 {[%clk 1:27:11]}
10. Nb5 {[%clk 1:33:10]} Bf6 {[%clk 1:23:58]} 11. Bf4 {[%clk 1:33:12]} Nd5 {[%clk
1:19:04]} 12. Nfxd4 {[%clk 1:30:22]} Nxd4 {[%clk 1:12:12]} 13. Bxd5 {[%clk
1:30:29]} O-O {[%clk 1:09:30]} 14. Nxc7 {[%clk 1:14:10]} Bg4 {[%clk 0:51:45]} 15.
f3 {[%clk 1:05:50]} Bh3 {[%clk 0:51:50]} 16. Re1 {[%clk 0:47:50]} g5 {[%clk
0:33:09]} 17. Be3 {[%clk 0:45:51]} Nf5 {[%clk 0:33:16]} 18. Bb6 {[%clk 0:43:12]}
Ra6 {[%clk 0:33:29]} 19. Bc5 {[%clk 0:13:41]} Qxc7 {[%clk 0:33:37]} 20. Rc1
{[%clk 0:13:44]} Qe5 {[%clk 0:21:21]} 21. Bxf8 {[%clk 0:07:05]} Qe3+ {[%clk
0:15:15]} 22. Kh1 {[%clk 0:07:27]} Qf2 {[%clk 0:12:44]} 23. Bxf7+ {[%clk
0:03:56]} Kh8 {[%clk 0:13:14]} 0-1

[Event "U12-U20 French Championships"]
[Site "chess24.com"]
[Date "2019.04.14"]
[Round "1"]
[White "Martinez Martinez, Mateo"]
[Black "Harutyunyan, Ruben"]
[Result "0-1"]
[Board "22"]
[WhiteElo "1972"]
[WhiteCountry "FRA"]
[WhiteFideId "36055140"]
[WhiteEloChange "-3"]
[BlackTitle "FM"]
[BlackElo "2310"]
[BlackCountry "FRA"]
[BlackFideId "26042410"]
[BlackEloChange "3"]

1. d4 {[%clk 1:16:59]} d5 {[%clk 1:30:56]} 2. c4 {[%clk 1:17:20]} dxc4 {[%clk
1:31:23]} 3. Nf3 {[%clk 1:17:36]} Nf6 {[%clk 1:31:49]} 4. e3 {[%clk 1:17:56]} b5
{[%clk 1:32:16]} 5. a4 {[%clk 1:18:11]} b4 {[%clk 1:32:43]} 6. Bxc4 {[%clk
1:18:09]} e6 {[%clk 1:33:06]} 7. O-O {[%clk 1:18:05]} Be7 {[%clk 1:33:30]} 8.
Nbd2 {[%clk 1:15:46]} Bb7 {[%clk 1:33:49]} 9. Qc2 {[%clk 1:15:00]} Nbd7 {[%clk
1:30:49]} 10. b3 {[%clk 1:09:36]} O-O {[%clk 1:30:53]} 11. Bb2 {[%clk 1:09:20]}
c5 {[%clk 1:30:44]} 12. dxc5 {[%clk 1:08:14]} Nxc5 {[%clk 1:30:24]} 13. Rfd1
{[%clk 0:57:06]} Rc8 {[%clk 1:26:21]} 14. Ng5 {[%clk 0:27:52]} g6 {[%clk
0:38:58]} 15. Nde4 {[%clk 0:21:43]} Nd5 {[%clk 0:22:05]} 16. Nxc5 {[%clk
0:20:55]} Rxc5 {[%clk 0:21:47]} 17. Ne4 {[%clk 0:19:25]} Rc8 {[%clk 0:21:42]} 18.
Be5 {[%clk 0:18:48]} f5 {[%clk 0:16:27]} 19. Ng3 {[%clk 0:13:20]} Bf6 {[%clk
0:16:27]} 20. Qb2 {[%clk 0:13:08]} Qe7 {[%clk 0:10:02]} 21. a5 {[%clk 0:10:50]}
Nc3 {[%clk 0:08:56]} 22. Bxf6 {[%clk 0:10:54]} Rxf6 {[%clk 0:08:59]} 23. Rd3
{[%clk 0:08:53]} Bd5 {[%clk 0:04:15]} 24. Bxd5 {[%clk 0:07:51]} exd5 {[%clk
0:04:39]} 25. Ne2 {[%clk 0:08:00]} Rfc6 {[%clk 0:02:41]} 26. Nxc3 {[%clk
0:06:24]} bxc3 {[%clk 0:01:53]} 27. Qc2 {[%clk 0:06:41]} Qe4 {[%clk 0:01:46]} 28.
h3 {[%clk 0:01:35]} Rc5 {[%clk 0:02:13]} 29. Ra4 {[%clk 0:01:46]} Qe8 {[%clk
0:00:58]} 30. Rad4 {[%clk 0:01:39]} Qc6 {[%clk 0:00:37]} 31. b4 {[%clk 0:00:51]}
Rb5 {[%clk 0:00:59]} 32. g3 {[%clk 0:00:49]} Kf7 {[%clk 0:00:55]} 33. Kg2 {[%clk
0:00:55]} Ke6 {[%clk 0:01:03]} 34. g4 {[%clk 0:00:51]} Kf6 {[%clk 0:00:43]} 35.
f4 {[%clk 0:00:43]} Ke6 {[%clk 0:00:49]} 36. Kg3 {[%clk 0:00:44]} a6 {[%clk
0:00:50]} 37. g5 {[%clk 0:00:48]} Rc7 {[%clk 0:00:58]} 38. h4 {[%clk 0:00:58]}
Rb8 {[%clk 0:00:43]} 39. Kg2 {[%clk 0:00:42]} Rbc8 {[%clk 0:00:51]} 40. Kg3
{[%clk 0:00:52]} Qb5 {[%clk 0:01:12]} 41. Kg2 {[%clk 0:00:42]} Rc4 {[%clk
0:01:19]} 42. Rxc4 {[%clk 0:00:35]} Qxc4 {[%clk 0:01:28]} 43. Rd4 {[%clk
0:00:57]} Qb5 {[%clk 0:01:52]} 44. Kf2 {[%clk 0:01:15]} Rc4 {[%clk 0:02:03]} 45.
Rxc4 {[%clk 0:00:45]} Qxc4 {[%clk 0:02:27]} 46. b5 {[%clk 0:01:10]} axb5 {[%clk
0:01:49]} 47. a6 {[%clk 0:01:36]} d4 {[%clk 0:00:53]} 48. a7 {[%clk 0:01:29]} d3
{[%clk 0:00:40]} 49. a8Q {[%clk 0:00:42]} dxc2 {[%clk 0:01:02]} 50. Qe8+ {[%clk
0:00:56]} Kd6 {[%clk 0:01:13]} 51. Qd8+ {[%clk 0:01:15]} Kc5 {[%clk 0:01:26]} 52.
Qe7+ {[%clk 0:01:32]} Kb6 {[%clk 0:01:43]} 53. Qd6+ {[%clk 0:01:53]} Qc6 {[%clk
0:01:52]} 54. Qd4+ {[%clk 0:01:47]} Ka6 {[%clk 0:02:13]} 0-1

[Event "U12-U20 French Championships"]
[Site "chess24.com"]
[Date "2019.04.14"]
[Round "1"]
[White "Djidjeli, Sarah"]
[Black "Le Boulicaut, Gaelle"]
[Result "1-0"]
[Board "23"]
[WhiteElo "2041"]
[WhiteCountry "FRA"]
[WhiteFideId "36067474"]
[WhiteEloChange "2"]
[BlackElo "1324"]
[BlackCountry "FRA"]
[BlackFideId "36037257"]
[BlackEloChange "-2"]

1. e4 {[%clk 1:30:58]} e5 {[%clk 1:30:55]} 2. Nf3 {[%clk 1:31:23]} Nc6 {[%clk
1:31:20]} 3. Bc4 {[%clk 1:31:48]} Bc5 {[%clk 1:31:41]} 4. c3 {[%clk 1:32:12]} Nf6
{[%clk 1:31:34]} 5. d3 {[%clk 1:32:34]} d6 {[%clk 1:30:56]} 6. O-O {[%clk
1:32:44]} Bg4 {[%clk 1:30:17]} 7. h3 {[%clk 1:23:17]} Bh5 {[%clk 1:30:47]} 8. Qe2
{[%clk 1:22:56]} O-O {[%clk 1:31:17]} 9. Bg5 {[%clk 1:20:47]} h6 {[%clk 1:31:47]}
10. Be3 {[%clk 1:15:14]} Bb6 {[%clk 1:32:17]} 11. Nbd2 {[%clk 1:11:50]} d5 {[%clk
1:32:47]} 12. exd5 {[%clk 1:10:54]} Nxd5 {[%clk 1:33:17]} 13. Bxb6 {[%clk
1:09:28]} Nxb6 {[%clk 1:33:47]} 14. Bb3 {[%clk 0:02:54]} Re8 {[%clk 1:34:17]} 15.
Qe4 {[%clk 1:08:09]} Bg6 {[%clk 1:34:47]} 16. Qxg6 {[%clk 1:08:31]} Rf8 {[%clk
1:35:17]} 17. Qf5 {[%clk 1:07:11]} Qe7 {[%clk 1:35:47]} 18. Rae1 {[%clk 1:04:32]}
Rfe8 {[%clk 1:36:17]} 19. Ne4 {[%clk 0:51:57]} Nd7 {[%clk 1:36:47]} 20. d4 {[%clk
0:49:15]} Nf6 {[%clk 1:37:17]} 21. Nxe5 {[%clk 0:44:25]} Nxe5 {[%clk 1:37:47]}
22. dxe5 {[%clk 0:44:44]} Qxe5 {[%clk 1:38:17]} 23. Qxe5 {[%clk 0:43:16]} Rxe5
{[%clk 1:38:47]} 24. Nxf6+ {[%clk 0:43:40]} gxf6 {[%clk 1:39:17]} 25. Rxe5 {[%clk
0:44:06]} fxe5 {[%clk 1:39:47]} 26. Rd1 {[%clk 0:44:27]} Rc8 {[%clk 1:40:17]} 27.
Rd7 {[%clk 0:44:50]} Kh8 {[%clk 1:40:47]} 28. Rxf7 {[%clk 0:45:10]} a6 {[%clk
1:41:17]} 29. Re7 {[%clk 0:45:30]} b5 {[%clk 1:41:47]} 30. Rxe5 {[%clk 0:00:41]}
c5 {[%clk 1:42:17]} 31. c4 {[%clk 0:45:28]} Kg7 {[%clk 1:42:47]} 32. Re7+ {[%clk
0:45:33]} Kf6 {[%clk 1:43:17]} 33. Rb7 {[%clk 0:00:10]} b4 {[%clk 1:43:47]} 34.
Rb6+ {[%clk 0:45:56]} Kg7 {[%clk 1:44:17]} 35. Rxa6 {[%clk 0:46:18]} Rd8 {[%clk
1:44:47]} 36. Rc6 {[%clk 0:46:18]} Rd2 {[%clk 1:45:17]} 37. Rxc5 {[%clk 0:46:37]}
Rxb2 {[%clk 1:45:47]} 38. Rb5 {[%clk 0:47:02]} Rb1+ {[%clk 1:46:17]} 39. Kh2
{[%clk 0:47:18]} Rc1 {[%clk 1:46:47]} 40. Rxb4 {[%clk 0:47:38]} Kf6 {[%clk
1:47:17]} 41. Rb5 {[%clk 0:48:01]} Kg7 {[%clk 1:47:47]} 42. a4 {[%clk 0:47:20]}
Kf6 {[%clk 1:48:17]} 43. a5 {[%clk 0:47:19]} Ra1 {[%clk 1:48:47]} 44. Rb6+ {[%clk
0:46:54]} Ke7 {[%clk 1:49:17]} 45. a6 {[%clk 0:46:31]} Kd8 {[%clk 1:49:47]} 46.
Rxh6 {[%clk 0:46:54]} Kc7 {[%clk 1:50:17]} 47. a7 {[%clk 0:46:42]} Rxa7 {[%clk
1:50:47]} 48. Rh7+ {[%clk 0:47:07]} Kb8 {[%clk 1:51:17]} 49. Rxa7 {[%clk
0:47:31]} Kxa7 {[%clk 1:51:47]} 50. h4 {[%clk 0:47:59]} Kb6 {[%clk 1:52:17]} 51.
h5 {[%clk 0:48:24]} Kc7 {[%clk 1:52:47]} 52. h6 {[%clk 0:48:51]} Kd6 {[%clk
1:53:17]} 53. h7 {[%clk 0:49:11]} Kc5 {[%clk 1:53:47]} 54. h8Q {[%clk 0:49:30]}
Kb4 {[%clk 1:54:17]} 55. Qf8+ {[%clk 0:49:34]} Kxb3 {[%clk 1:54:47]} 56. c5
{[%clk 0:49:52]} Kc4 {[%clk 1:55:17]} 57. c6 {[%clk 0:50:13]} Kd5 {[%clk
1:55:47]} 58. c7 {[%clk 0:50:34]} Kd4 {[%clk 1:56:17]} 59. c8Q {[%clk 0:50:52]}
Kd5 {[%clk 1:56:47]} 60. Qfc5+ {[%clk 0:50:42]} Ke4 {[%clk 1:57:17]} 61. Q8f5#
{[%clk 0:51:07]} 1-0

[Event "U12-U20 French Championships"]
[Site "chess24.com"]
[Date "2019.04.14"]
[Round "1"]
[White "Menuet, Anais"]
[Black "Yuan, Beline"]
[Result "0-1"]
[Board "24"]
[WhiteElo "1309"]
[WhiteCountry "FRA"]
[WhiteFideId "36051985"]
[WhiteEloChange "-2"]
[BlackElo "1977"]
[BlackCountry "FRA"]
[BlackFideId "36019879"]
[BlackEloChange "2"]

1. e4 {[%clk 1:30:56]} e6 {[%clk 1:30:47]} 2. d4 {[%clk 1:31:16]} d5 {[%clk
1:31:00]} 3. exd5 {[%clk 1:30:27]} exd5 {[%clk 1:31:24]} 4. Nf3 {[%clk 1:29:44]}
Nc6 {[%clk 1:31:06]} 5. Nc3 {[%clk 1:27:02]} Bg4 {[%clk 1:31:22]} 6. Be2 {[%clk
1:26:15]} Bb4 {[%clk 1:29:54]} 7. Qd3 {[%clk 1:17:55]} Nge7 {[%clk 1:29:02]} 8.
Bf4 {[%clk 1:12:03]} Bd6 {[%clk 1:27:25]} 9. Be3 {[%clk 1:06:56]} Qd7 {[%clk
1:25:39]} 10. Qd2 {[%clk 1:02:09]} f6 {[%clk 1:20:30]} 11. O-O {[%clk 0:49:48]}
O-O-O {[%clk 1:18:24]} 12. a3 {[%clk 0:43:14]} g5 {[%clk 1:16:37]} 13. Na2 {[%clk
0:38:53]} Ng6 {[%clk 1:13:47]} 14. b4 {[%clk 0:28:27]} Nf4 {[%clk 1:11:47]} 15.
Bd1 {[%clk 0:25:03]} Nxg2 {[%clk 1:10:49]} 16. Kxg2 {[%clk 0:20:52]} Bh3+ {[%clk
1:11:14]} 17. Kh1 {[%clk 0:17:27]} Bxf1 {[%clk 1:11:08]} 18. Be2 {[%clk 0:13:49]}
Bxe2 {[%clk 1:11:06]} 19. Qxe2 {[%clk 0:14:00]} Qh3 {[%clk 1:11:30]} 20. Qd1
{[%clk 0:07:53]} g4 {[%clk 1:11:48]} 21. Qg1 {[%clk 0:07:21]} gxf3 {[%clk
1:12:13]} 22. Nc3 {[%clk 0:04:14]} Rhg8 {[%clk 1:12:36]} 0-1

[Event "U12-U20 French Championships"]
[Site "chess24.com"]
[Date "2019.04.14"]
[Round "1"]
[White "Tomasi, Elise"]
[Black "Latruffe-Bossant, Maiwenn"]
[Result "1-0"]
[Board "25"]
[WhiteElo "1904"]
[WhiteCountry "FRA"]
[WhiteFideId "26088843"]
[WhiteEloChange "2"]
[BlackElo "1303"]
[BlackCountry "FRA"]
[BlackFideId "36085782"]
[BlackEloChange "-2"]

1. d4 {[%clk 1:30:49]} Nf6 {[%clk 1:30:47]} 2. Nf3 {[%clk 1:31:10]} g6 {[%clk
1:31:05]} 3. g3 {[%clk 1:31:34]} Bg7 {[%clk 1:25:45]} 4. Bg2 {[%clk 1:31:58]} d6
{[%clk 1:23:12]} 5. O-O {[%clk 1:32:15]} O-O {[%clk 1:23:34]} 6. a4 {[%clk
1:32:11]} c6 {[%clk 1:21:55]} 7. a5 {[%clk 1:31:50]} Bf5 {[%clk 1:21:14]} 8. b3
{[%clk 1:27:48]} a6 {[%clk 1:17:41]} 9. Bb2 {[%clk 1:27:43]} Qc8 {[%clk 1:17:30]}
10. Re1 {[%clk 1:25:39]} Nbd7 {[%clk 1:15:35]} 11. Nbd2 {[%clk 1:24:04]} d5
{[%clk 1:11:48]} 12. c4 {[%clk 1:21:25]} e6 {[%clk 1:09:58]} 13. Nh4 {[%clk
1:07:47]} Re8 {[%clk 1:04:39]} 14. Rc1 {[%clk 1:02:51]} Qd8 {[%clk 1:04:23]} 15.
Bc3 {[%clk 0:53:12]} Rc8 {[%clk 0:55:12]} 16. Nxf5 {[%clk 0:40:53]} exf5 {[%clk
0:54:11]} 17. Qc2 {[%clk 0:37:23]} Ne4 {[%clk 0:45:08]} 18. b4 {[%clk 0:25:56]}
Nxc3 {[%clk 0:43:42]} 19. Qxc3 {[%clk 0:26:25]} Nf6 {[%clk 0:43:43]} 20. Nb3
{[%clk 0:23:25]} Ne4 {[%clk 0:38:19]} 21. Qb2 {[%clk 0:21:41]} Qe7 {[%clk
0:34:56]} 22. Nd2 {[%clk 0:20:18]} Bh6 {[%clk 0:31:09]} 23. e3 {[%clk 0:20:28]}
Qe6 {[%clk 0:28:21]} 24. Bf1 {[%clk 0:19:19]} Bf8 {[%clk 0:18:34]} 25. b5 {[%clk
0:18:06]} Nd6 {[%clk 0:15:37]} 26. cxd5 {[%clk 0:16:13]} Qxd5 {[%clk 0:14:14]}
27. bxa6 {[%clk 0:15:26]} bxa6 {[%clk 0:12:59]} 28. Bxa6 {[%clk 0:15:19]} Rb8
{[%clk 0:09:21]} 29. Qc3 {[%clk 0:13:18]} Ra8 {[%clk 0:07:33]} 30. Bd3 {[%clk
0:08:48]} Qxa5 {[%clk 0:06:32]} 31. Qxa5 {[%clk 0:09:17]} Rxa5 {[%clk 0:07:00]}
32. Rxc6 {[%clk 0:09:31]} Ne4 {[%clk 0:06:30]} 33. Nxe4 {[%clk 0:08:35]} fxe4
{[%clk 0:06:54]} 34. Bc4 {[%clk 0:08:56]} Rd8 {[%clk 0:06:23]} 35. Rc7 {[%clk
0:09:16]} Rf5 {[%clk 0:06:04]} 36. Rb1 {[%clk 0:09:29]} Bd6 {[%clk 0:05:55]} 37.
Ra7 {[%clk 0:09:42]} Bb8 {[%clk 0:06:06]} 38. Ra8 {[%clk 0:10:02]} Bc7 {[%clk
0:05:35]} 39. Rxd8+ {[%clk 0:10:29]} Bxd8 {[%clk 0:05:53]} 40. Rb8 {[%clk
0:10:58]} Kg7 {[%clk 0:05:54]} 41. Rxd8 {[%clk 0:11:23]} Ra5 {[%clk 0:05:20]} 42.
Rd7 {[%clk 0:11:43]} Rf5 {[%clk 0:05:24]} 43. d5 {[%clk 0:11:49]} Kf8 {[%clk
0:05:43]} 44. d6 {[%clk 0:12:13]} Rf6 {[%clk 0:05:42]} 45. Rd8+ {[%clk 0:12:23]}
Kg7 {[%clk 0:06:04]} 46. d7 {[%clk 0:12:49]} Rd6 {[%clk 0:06:19]} 47. Bb5 {[%clk
0:13:17]} Kf6 {[%clk 0:06:32]} 48. Re8 {[%clk 0:13:43]} Kf5 {[%clk 0:06:41]} 49.
d8Q {[%clk 0:13:59]} Rxd8 {[%clk 0:07:05]} 50. Rxd8 {[%clk 0:14:24]} 1-0

[Event "U12-U20 French Championships"]
[Site "chess24.com"]
[Date "2019.04.14"]
[Round "1"]
[White "Toulemont, Anouk"]
[Black "Moracchini, Margaux"]
[Result "0-1"]
[Board "26"]
[WhiteElo "1302"]
[WhiteCountry "FRA"]
[WhiteFideId "36053759"]
[WhiteEloChange "-2"]
[BlackElo "1891"]
[BlackCountry "FRA"]
[BlackFideId "36018198"]
[BlackEloChange "2"]

1. e4 {[%clk 1:30:53]} c5 {[%clk 1:30:37]} 2. Nc3 {[%clk 1:30:58]} Nc6 {[%clk
1:30:35]} 3. f4 {[%clk 1:30:44]} g6 {[%clk 1:27:54]} 4. Nf3 {[%clk 1:29:50]} Bg7
{[%clk 1:27:26]} 5. Bb5 {[%clk 1:28:40]} Nd4 {[%clk 1:25:55]} 6. a4 {[%clk
1:27:53]} e6 {[%clk 1:22:48]} 7. e5 {[%clk 1:25:49]} a6 {[%clk 1:20:25]} 8. Bc4
{[%clk 1:25:13]} d5 {[%clk 1:18:56]} 9. exd6 {[%clk 1:24:29]} Qxd6 {[%clk
1:19:02]} 10. Ne4 {[%clk 1:23:16]} Qxf4 {[%clk 1:12:37]} 11. d3 {[%clk 1:18:55]}
Qc7 {[%clk 1:06:11]} 12. O-O {[%clk 1:17:10]} f5 {[%clk 0:52:57]} 13. Neg5 {[%clk
1:13:26]} h6 {[%clk 0:49:44]} 14. c3 {[%clk 1:12:13]} hxg5 {[%clk 0:49:07]} 15.
cxd4 {[%clk 1:11:59]} g4 {[%clk 0:49:15]} 16. Ne5 {[%clk 1:10:12]} cxd4 {[%clk
0:34:27]} 17. Nxg6 {[%clk 1:08:42]} Qxh2+ {[%clk 0:30:53]} 18. Kf2 {[%clk
1:08:20]} Rh7 {[%clk 0:24:33]} 19. Qe2 {[%clk 1:05:36]} Qh5 {[%clk 0:08:45]} 20.
Nf4 {[%clk 1:02:04]} g3+ {[%clk 0:08:27]} 21. Ke1 {[%clk 1:02:09]} Qxe2+ {[%clk
0:08:51]} 22. Kxe2 {[%clk 1:02:01]} Ke7 {[%clk 0:06:06]} 23. Kf3 {[%clk 1:00:21]}
Nh6 {[%clk 0:03:27]} 24. Re1 {[%clk 0:59:19]} e5 {[%clk 0:03:40]} 25. Nd5+ {[%clk
0:58:50]} Kd6 {[%clk 0:03:47]} 26. Bg5 {[%clk 0:57:55]} e4+ {[%clk 0:01:05]} 27.
dxe4 {[%clk 0:56:50]} fxe4+ {[%clk 0:01:31]} 28. Rxe4 {[%clk 0:55:54]} Nf5 {[%clk
0:00:42]} 29. Re8 {[%clk 0:54:26]} Nh4+ {[%clk 0:00:40]} 30. Ke2 {[%clk 0:52:05]}
Bg4+ {[%clk 0:01:05]} 31. Kd3 {[%clk 0:50:31]} Rxe8 {[%clk 0:01:31]} 32. Rh1
{[%clk 0:48:22]} Be2+ {[%clk 0:01:37]} 33. Kc2 {[%clk 0:47:24]} Bxc4 {[%clk
0:01:55]} 34. Nf4 {[%clk 0:46:50]} Reh8 {[%clk 0:01:22]} 35. Re1 {[%clk 0:45:23]}
Be5 {[%clk 0:01:16]} 36. Bxh4 {[%clk 0:44:34]} Bxf4 {[%clk 0:01:37]} 0-1